Countries by Last Letter - Statistics

General Stats
  • This quiz has been taken 30 times
  • The average score is 4 of 10
Answer Stats
Hint Answer % Correct
Europe - D Finland
78%
South America - L Brazil
74%
Africa - H,A South Africa
44%
North America - L,R El Salvador
33%
Europe - Y Germany
33%
Oceania - A,W,A Papua New Guinea
33%
Asia - E Singapore
30%
Africa - A Nigeria
26%
Asia - I,A Sri Lanka
26%
Asia - N Bahrain
15%
No matching quizzes found
Score Distribution
Percent of People with Each Score
Percentile by Number Answered
Your Score History
You have not taken this quiz